000 00484 a2200157 4500
005 20250319073009.0
020 _a81-224-1433-8
082 _a510. 246 SRI
100 _aSRINIVASA, G.
245 _aBusiness Mathematics and Statistics
260 _aNew Delhi,
_bNew Age International Publishers,
_c2002.
300 _axiv, 520p.: ill.; figure, graph, picture, table.
_c25cm.
700 _aGEORGE, D.
856 _yAccess online book
_fMathematics
_dwww.newagepublishers
942 _2ddc
_cBKS
999 _c913
_d913